00762nam a2200217 a 450000100100000000500170001000800410002702000150006804000250008308200200010810000400012824500470016826000460021530000270026159000260028865000280031465000310034291000390037395201170041299900150052900000953120240412074211.0090930s1999 dr a 000 p spa d a9993400114 aDO-SdBNPbspacBNPHU aRD861.44bA357e1 aAldebot Reyes, Nelsy,d1950-92435610aÉxtasis mágico /cNelsy Aldebot Reyes. aSanto Domingo :bCocolo Editorial,c1999. a60 p. :bil. ;c21 cm. aInventariado, 2018/VM 0aPoesía dominicana966 0aLiteratura dominicana.967 aValidado. Control de calidad BNPHU 0010718PDaPDbPDcHDd2009-09-30iLF1l0oRD861.44 A357ep9531-10r2020-06-25w2020-06-25yLFPDZNo se presta c9291d9291